[Event "25th 4NCL Congress"]
[Site "Leamington Spa, United Kingdom"]
[Date "2021.07.11"]
[Round "5.17"]
[White "Moyse, Nigel J"]
[Black "Cox, Toby"]
[Result "1-0"]
[TimeControl "All moves in 90 minutes + 30 seconds per move"]
[WhiteElo "2036"]
[BlackElo "1783"]

1. d4 {[%clk 01:30:40]} {[%emt 00:00:19]} e6 {[%clk 01:30:56]} {[%emt
00:00:04]} 2. e4 {[%clk 01:30:49]} {[%emt 00:00:21]} d5 {[%clk 01:31:23]}
{[%emt 00:00:04]} 3. Nc3 {[%clk 01:31:12]} {[%emt 00:00:09]} Nf6 {[%clk
01:31:48]} {[%emt 00:00:04]} 4. e5 {[%clk 01:31:27]} {[%emt 00:00:13]} Nfd7
{[%clk 01:32:15]} {[%emt 00:00:04]} 5. f4 {[%clk 01:31:40]} {[%emt 00:00:17]}
c5 {[%clk 01:32:43]} {[%emt 00:00:04]} 6. Nf3 {[%clk 01:32:01]} {[%emt
00:00:08]} Nc6 {[%clk 01:33:09]} {[%emt 00:00:02]} 7. Be3 {[%clk 01:32:04]}
{[%emt 00:00:27]} a6 {[%clk 01:33:35]} {[%emt 00:00:04]} 8. Be2 {[%clk
01:25:29]} {[%emt 00:07:05]} b5 {[%clk 01:33:18]} {[%emt 00:00:46]} 9. O-O
{[%clk 01:22:29]} {[%emt 00:03:30]} Qb6 {[%clk 01:32:52]} {[%emt 00:00:57]} 10.
dxc5 {[%clk 01:19:01]} {[%emt 00:03:58]} Bxc5 {[%clk 01:33:17]} {[%emt
00:00:05]} 11. Bxc5 {[%clk 01:19:11]} {[%emt 00:00:20]} Nxc5 {[%clk 01:33:08]}
{[%emt 00:00:39]} 12. Kh1 {[%clk 01:18:42]} {[%emt 00:00:58]} b4 {[%clk
01:31:22]} {[%emt 00:02:18]} 13. Nb1 {[%clk 01:15:35]} {[%emt 00:03:38]} a5
{[%clk 01:29:37]} {[%emt 00:02:16]} 14. Nbd2 {[%clk 01:15:09]} {[%emt
00:00:54]} Ba6 {[%clk 01:28:25]} {[%emt 00:01:41]} 15. Bxa6 {[%clk 01:08:18]}
{[%emt 00:07:22]} Qxa6 {[%clk 01:28:12]} {[%emt 00:00:43]} 16. Qe1 {[%clk
01:07:16]} {[%emt 00:01:31]} O-O-O {[%clk 01:25:57]} {[%emt 00:02:45]} 17. a3
{[%clk 00:56:45]} {[%emt 00:11:01]} Qb6 {[%clk 01:24:11]} {[%emt 00:02:17]} 18.
axb4 {[%clk 00:48:42]} {[%emt 00:08:33]} axb4 {[%clk 01:23:09]} {[%emt
00:01:32]} 19. Qf2 {[%clk 00:42:33]} {[%emt 00:06:39]} Kb7 {[%clk 01:21:38]}
{[%emt 00:02:01]} 20. Qg3 {[%clk 00:36:18]} {[%emt 00:06:45]} g6 {[%clk
01:19:47]} {[%emt 00:02:21]} 21. c4 {[%clk 00:36:25]} {[%emt 00:00:22]} d4
{[%clk 01:14:53]} {[%emt 00:05:24]} 22. Ng5 {[%clk 00:35:30]} {[%emt 00:01:26]}
Qc7 {[%clk 01:14:20]} {[%emt 00:01:02]} 23. Nge4 {[%clk 00:35:04]} {[%emt
00:00:56]} Nxe4 {[%clk 01:14:14]} {[%emt 00:00:36]} 24. Nxe4 {[%clk 00:35:28]}
{[%emt 00:00:05]} Ra8 {[%clk 01:13:49]} {[%emt 00:00:57]} 25. Nd6+ {[%clk
00:34:44]} {[%emt 00:01:13]} Kb6 {[%clk 01:13:05]} {[%emt 00:01:13]} 26. c5+
{[%clk 00:27:46]} {[%emt 00:07:29]} Kxc5 {[%clk 01:13:23]} {[%emt 00:00:12]} 27.
Rfc1+ {[%clk 00:28:05]} {[%emt 00:00:10]} Kb6 {[%clk 01:13:44]} {[%emt
00:00:09]} 28. Qd3 {[%clk 00:28:09]} {[%emt 00:00:27]} 1-0

[Event "25th 4NCL Congress"]
[Site "Leamington Spa, United Kingdom"]
[Date "2021.07.11"]
[Round "5.18"]
[White "Jukes, Sam"]
[Black "Freeland, Alexander"]
[Result "0-1"]
[TimeControl "All moves in 90 minutes + 30 seconds per move"]
[WhiteElo "1871"]
[BlackElo "2003"]

1. e4 {[%clk 01:31:16]} {[%emt 00:00:13]} e6 {[%clk 01:31:24]} {[%emt
00:00:06]} 2. d4 {[%clk 01:31:33]} {[%emt 00:00:13]} d5 {[%clk 01:31:50]}
{[%emt 00:00:04]} 3. Nc3 {[%clk 01:31:59]} {[%emt 00:00:04]} Nf6 {[%clk
01:32:15]} {[%emt 00:00:05]} 4. e5 {[%clk 01:32:22]} {[%emt 00:00:06]} Nfd7
{[%clk 01:32:41]} {[%emt 00:00:04]} 5. Nce2 {[%clk 01:32:31]} {[%emt 00:00:21]}
c5 {[%clk 01:32:29]} {[%emt 00:00:43]} 6. c3 {[%clk 01:32:53]} {[%emt
00:00:08]} Nc6 {[%clk 01:32:17]} {[%emt 00:00:42]} 7. Nf3 {[%clk 01:33:12]}
{[%emt 00:00:11]} Qb6 {[%clk 01:27:49]} {[%emt 00:04:59]} 8. a3 {[%clk
01:31:10]} {[%emt 00:02:31]} Be7 {[%clk 01:26:59]} {[%emt 00:01:21]} 9. g3
{[%clk 01:29:42]} {[%emt 00:01:57]} O-O {[%clk 01:26:45]} {[%emt 00:00:44]} 10.
Bg2 {[%clk 01:28:47]} {[%emt 00:01:24]} f6 {[%clk 01:26:09]} {[%emt 00:01:09]}
11. exf6 {[%clk 01:28:07]} {[%emt 00:01:08]} Nxf6 {[%clk 01:25:17]} {[%emt
00:01:22]} 12. O-O {[%clk 01:27:49]} {[%emt 00:00:48]} Bd7 {[%clk 01:24:49]}
{[%emt 00:01:00]} 13. b4 {[%clk 01:25:28]} {[%emt 00:02:49]} cxd4 {[%clk
01:24:05]} {[%emt 00:01:14]} 14. cxd4 {[%clk 01:24:28]} {[%emt 00:01:31]} Ne4
{[%clk 01:22:00]} {[%emt 00:02:34]} 15. Be3 {[%clk 01:23:59]} {[%emt 00:00:59]}
Bf6 {[%clk 01:21:02]} {[%emt 00:01:29]} 16. Ne5 {[%clk 01:21:19]} {[%emt
00:03:10]} Bxe5 {[%clk 01:19:14]} {[%emt 00:02:18]} 17. dxe5 {[%clk 01:21:40]}
{[%emt 00:00:09]} Qc7 {[%clk 01:16:27]} {[%emt 00:03:17]} 18. Bxe4 {[%clk
01:20:53]} {[%emt 00:01:17]} dxe4 {[%clk 01:16:49]} {[%emt 00:00:09]} 19. Bc5
{[%clk 01:21:08]} {[%emt 00:00:16]} Nxe5 {[%clk 01:16:59]} {[%emt 00:00:18]} 20.
Bxf8 {[%clk 01:20:30]} {[%emt 00:01:09]} Rxf8 {[%clk 01:15:50]} {[%emt
00:01:38]} 21. Nd4 {[%clk 01:17:29]} {[%emt 00:03:31]} Nd3 {[%clk 01:13:45]}
{[%emt 00:02:35]} 22. Ra2 {[%clk 01:16:26]} {[%emt 00:01:34]} Qc4 {[%clk
01:11:43]} {[%emt 00:02:31]} 23. Qa1 {[%clk 01:16:39]} {[%emt 00:00:16]} e5
{[%clk 01:11:12]} {[%emt 00:01:01]} 24. Nc2 {[%clk 01:16:13]} {[%emt 00:00:56]}
Be6 {[%clk 01:11:03]} {[%emt 00:00:40]} 25. Rb2 {[%clk 01:15:54]} {[%emt
00:00:50]} Nxb2 {[%clk 01:11:24]} {[%emt 00:00:08]} 26. Qxb2 {[%clk 01:16:18]}
{[%emt 00:00:06]} Qe2 {[%clk 01:10:47]} {[%emt 00:01:06]} 27. Qc1 {[%clk
01:12:26]} {[%emt 00:04:22]} Bh3 {[%clk 01:08:29]} {[%emt 00:02:49]} 0-1

[Event "25th 4NCL Congress"]
[Site "Leamington Spa, United Kingdom"]
[Date "2021.07.11"]
[Round "5.19"]
[White "Shapland, David"]
[Black "Truman, Richard G"]
[Result "0-1"]
[TimeControl "All moves in 90 minutes + 30 seconds per move"]
[WhiteElo "1759"]
[BlackElo "1913"]

1. e4 {[%clk 01:30:56]} c5 {[%clk 01:30:40]} {[%emt 00:00:21]} 2. Nf3 {[%clk
01:31:21]} {[%emt 00:00:05]} e6 {[%clk 01:31:05]} {[%emt 00:00:05]} 3. d4
{[%clk 01:31:47]} {[%emt 00:00:05]} cxd4 {[%clk 01:31:30]} {[%emt 00:00:06]} 4.
Nxd4 {[%clk 01:32:13]} {[%emt 00:00:05]} Nc6 {[%clk 01:31:53]} {[%emt
00:00:05]} 5. Nc3 {[%clk 01:31:25]} {[%emt 00:01:19]} Qc7 {[%clk 01:32:06]}
{[%emt 00:00:17]} 6. Be3 {[%clk 01:29:52]} {[%emt 00:02:02]} a6 {[%clk
01:32:06]} {[%emt 00:00:30]} 7. a3 {[%clk 01:29:22]} {[%emt 00:01:01]} b5
{[%clk 01:29:07]} {[%emt 00:03:28]} 8. Bd3 {[%clk 01:26:51]} {[%emt 00:03:00]}
Nf6 {[%clk 01:28:43]} {[%emt 00:00:54]} 9. O-O {[%clk 01:26:33]} {[%emt
00:00:50]} Bb7 {[%clk 01:27:14]} {[%emt 00:01:58]} 10. f4 {[%clk 01:25:20]}
{[%emt 00:01:42]} Nxd4 {[%clk 01:13:03]} {[%emt 00:14:41]} 11. Bxd4 {[%clk
01:25:24]} {[%emt 00:00:25]} Bc5 {[%clk 01:13:23]} {[%emt 00:00:12]} 12. Bxc5
{[%clk 01:19:54]} {[%emt 00:05:59]} Qxc5+ {[%clk 01:13:45]} {[%emt 00:00:08]}
13. Kh1 {[%clk 01:20:19]} {[%emt 00:00:04]} d6 {[%clk 01:12:10]} {[%emt
00:02:06]} 14. Qe1 {[%clk 01:18:27]} {[%emt 00:02:21]} h5 {[%clk 01:04:01]}
{[%emt 00:08:41]} 15. Qg3 {[%clk 01:15:07]} {[%emt 00:03:49]} Ng4 {[%clk
00:46:08]} {[%emt 00:18:24]} 16. Rae1 {[%clk 01:11:23]} {[%emt 00:04:13]} O-O-O
{[%clk 00:40:40]} {[%emt 00:05:59]} 17. e5 {[%clk 01:09:17]} {[%emt 00:02:37]}
d5 {[%clk 00:32:22]} {[%emt 00:08:48]} 18. Nb1 {[%clk 01:00:45]} {[%emt
00:09:01]} Rdg8 {[%clk 00:30:40]} {[%emt 00:02:11]} 19. b4 {[%clk 00:58:54]}
{[%emt 00:02:22]} Qc6 {[%clk 00:29:41]} {[%emt 00:01:29]} 20. Nd2 {[%clk
00:55:33]} {[%emt 00:03:49]} Nh6 {[%clk 00:28:06]} {[%emt 00:02:06]} 21. Nb3
{[%clk 00:54:41]} {[%emt 00:01:22]} g6 {[%clk 00:26:43]} {[%emt 00:01:54]} 22.
Qf2 {[%clk 00:40:34]} {[%emt 00:14:37]} Nf5 {[%clk 00:26:11]} {[%emt 00:01:02]}
23. Qc5 {[%clk 00:40:25]} {[%emt 00:00:39]} Rh7 {[%clk 00:24:44]} {[%emt
00:01:59]} 24. Rf3 {[%clk 00:29:58]} {[%emt 00:10:55]} Qxc5 {[%clk 00:20:04]}
{[%emt 00:05:11]} 25. Nxc5 {[%clk 00:29:47]} {[%emt 00:00:42]} Nd4 {[%clk
00:16:01]} {[%emt 00:04:32]} 26. Rg3 {[%clk 00:27:01]} {[%emt 00:03:15]} Rhg7
{[%clk 00:15:34]} {[%emt 00:00:59]} 27. Ra1 {[%clk 00:23:19]} {[%emt 00:04:12]}
Nc6 {[%clk 00:13:56]} {[%emt 00:02:09]} 28. c3 {[%clk 00:20:56]} {[%emt
00:02:53]} g5 {[%clk 00:14:10]} {[%emt 00:00:15]} 29. f5 {[%clk 00:20:06]}
{[%emt 00:01:20]} Nxe5 {[%clk 00:14:19]} {[%emt 00:00:21]} 30. f6 {[%clk
00:12:12]} {[%emt 00:08:24]} Nxd3 {[%clk 00:14:44]} {[%emt 00:00:07]} 31. Nxd3
{[%clk 00:07:22]} {[%emt 00:05:18]} Rh7 {[%clk 00:14:53]} {[%emt 00:00:20]} 32.
Rf1 {[%clk 00:07:07]} {[%emt 00:00:45]} h4 {[%clk 00:13:40]} {[%emt 00:01:43]}
33. Rg4 {[%clk 00:06:07]} {[%emt 00:01:31]} h3 {[%clk 00:13:55]} {[%emt
00:00:13]} 34. g3 {[%clk 00:05:54]} {[%emt 00:00:43]} d4+ {[%clk 00:12:14]}
{[%emt 00:02:11]} 35. Kg1 {[%clk 00:06:17]} {[%emt 00:00:08]} dxc3 {[%clk
00:12:37]} {[%emt 00:00:06]} 36. Ne5 {[%clk 00:05:18]} {[%emt 00:01:30]} Rd8
{[%clk 00:07:31]} {[%emt 00:05:35]} 37. Rc1 {[%clk 00:04:47]} {[%emt 00:01:01]}
Rd2 {[%clk 00:07:39]} {[%emt 00:00:22]} 38. Rxc3+ {[%clk 00:04:31]} {[%emt
00:00:48]} Kb8 {[%clk 00:07:31]} {[%emt 00:00:38]} 39. Nf3 {[%clk 00:04:09]}
{[%emt 00:00:51]} Rg2+ {[%clk 00:07:32]} {[%emt 00:00:29]} 40. Kh1 {[%clk
00:03:27]} {[%emt 00:01:11]} Rf2 {[%clk 00:07:14]} {[%emt 00:00:49]} 0-1

[ePGN "0.1;DGT LiveChess/2.2.5"]

[Event "25th 4NCL Congress"]
[Site "Leamington Spa, United Kingdom"]
[Date "2021.07.11"]
[Round "4.1"]
[White "Arkell, Keith C"]
[Black "Balaji, Aaravamudhan"]
[Result "1/2-1/2"]
[TimeControl "All moves in 90 minutes + 30 seconds per move"]
[WhiteElo "2381"]
[BlackElo "2206"]

1. Nf3 {[%clk 01:28:44]} {[%emt 00:02:16]} Nf6 {[%clk 01:30:33]} {[%emt
00:00:27]} 2. c4 {[%clk 01:29:07]} {[%emt 00:00:06]} g6 {[%clk 01:30:41]}
{[%emt 00:00:23]} 3. Nc3 {[%clk 01:29:32]} {[%emt 00:00:05]} Bg7 {[%clk
01:31:04]} {[%emt 00:00:07]} 4. g3 {[%clk 01:29:58]} {[%emt 00:00:03]} O-O
{[%clk 01:29:39]} {[%emt 00:01:55]} 5. Bg2 {[%clk 01:30:24]} {[%emt 00:00:04]}
d5 {[%clk 01:28:15]} {[%emt 00:01:55]} 6. cxd5 {[%clk 01:30:48]} {[%emt
00:00:06]} Nxd5 {[%clk 01:28:29]} {[%emt 00:00:16]} 7. O-O {[%clk 01:31:13]}
{[%emt 00:00:05]} Nc6 {[%clk 01:27:11]} {[%emt 00:01:48]} 8. Nxd5 {[%clk
01:29:30]} {[%emt 00:02:13]} Qxd5 {[%clk 01:27:39]} {[%emt 00:00:02]} 9. d3
{[%clk 01:29:32]} {[%emt 00:00:27]} Rd8 {[%clk 01:27:00]} {[%emt 00:01:09]} 10.
a3 {[%clk 01:29:17]} {[%emt 00:00:46]} Qb5 {[%clk 01:07:46]} {[%emt 00:19:44]}
11. Rb1 {[%clk 01:26:00]} {[%emt 00:03:46]} Be6 {[%clk 01:05:09]} {[%emt
00:03:07]} 12. b3 {[%clk 01:25:57]} {[%emt 00:00:33]} h6 {[%clk 00:55:50]}
{[%emt 00:09:49]} 13. Be3 {[%clk 01:26:05]} {[%emt 00:00:21]} Qh5 {[%clk
00:54:33]} {[%emt 00:01:47]} 14. Qc2 {[%clk 01:24:47]} {[%emt 00:01:48]} Bh3
{[%clk 00:50:33]} {[%emt 00:04:30]} 15. Rfc1 {[%clk 01:22:34]} {[%emt
00:02:43]} e5 {[%clk 00:44:59]} {[%emt 00:06:05]} 16. b4 {[%clk 01:18:45]}
{[%emt 00:04:19]} Rd7 {[%clk 00:43:56]} {[%emt 00:01:32]} 17. Qc5 {[%clk
01:01:58]} {[%emt 00:17:16]} Be6 {[%clk 00:33:11]} {[%emt 00:11:16]} 18. Qb5
{[%clk 00:48:25]} {[%emt 00:14:04]} Nd8 {[%clk 00:32:30]} {[%emt 00:01:11]} 19.
Rc5 {[%clk 00:47:16]} {[%emt 00:01:38]} c6 {[%clk 00:30:21]} {[%emt 00:02:40]}
20. Qa4 {[%clk 00:47:29]} {[%emt 00:00:16]} Bd5 {[%clk 00:24:33]} {[%emt
00:06:18]} 21. b5 {[%clk 00:38:01]} {[%emt 00:09:57]} f5 {[%clk 00:23:01]}
{[%emt 00:02:02]} 22. bxc6 {[%clk 00:32:44]} {[%emt 00:05:48]} bxc6 {[%clk
00:23:05]} {[%emt 00:00:26]} 23. Nxe5 {[%clk 00:27:41]} {[%emt 00:05:33]} Bxg2
{[%clk 00:13:12]} {[%emt 00:10:23]} 24. Nxd7 {[%clk 00:21:34]} {[%emt
00:06:37]} Bd5 {[%clk 00:13:41]} {[%emt 00:00:02]} 25. Rxd5 {[%clk 00:12:34]}
{[%emt 00:09:30]} cxd5 {[%clk 00:14:09]} {[%emt 00:00:02]} 26. Nb6 {[%clk
00:05:40]} {[%emt 00:07:23]} Rb8 {[%clk 00:07:46]} {[%emt 00:06:54]} 27. Qxa7
{[%clk 00:05:58]} {[%emt 00:00:12]} Rb7 {[%clk 00:08:13]} {[%emt 00:00:03]} 28.
Qa8 {[%clk 00:06:22]} {[%emt 00:00:05]} Bf6 {[%clk 00:08:33]} {[%emt 00:00:10]}
29. Rc1 {[%clk 00:05:43]} {[%emt 00:01:09]} f4 {[%clk 00:07:25]} {[%emt
00:01:38]} 30. gxf4 {[%clk 00:02:57]} {[%emt 00:03:16]} Qxe2 {[%clk 00:03:57]}
{[%emt 00:03:58]} 31. Nxd5 {[%clk 00:02:19]} {[%emt 00:01:07]} Bh4 {[%clk
00:03:18]} {[%emt 00:01:10]} 32. Qa4 {[%clk 00:00:52]} {[%emt 00:01:57]} Qg4+
{[%clk 00:01:29]} {[%emt 00:02:19]} 33. Kf1 {[%clk 00:01:10]} {[%emt 00:00:12]}
Qh3+ {[%clk 00:01:08]} {[%emt 00:00:52]} 34. Ke1 {[%clk 00:01:25]} {[%emt
00:00:15]} Rd7 {[%clk 00:00:53]} {[%emt 00:00:46]} 35. Qe4 {[%clk 00:01:39]}
{[%emt 00:00:15]} Kh7 {[%clk 00:00:33]} {[%emt 00:00:51]} 36. Kd2 {[%clk
00:01:19]} {[%emt 00:00:50]} h5 {[%clk 00:00:34]} {[%emt 00:00:29]} 37. Rg1
{[%clk 00:00:46]} {[%emt 00:01:02]} Rd6 {[%clk 00:01:03]} {[%emt 00:00:02]} 38.
Bd4 {[%clk 00:00:52]} {[%emt 00:00:24]} Qf5 {[%clk 00:00:40]} {[%emt 00:00:53]}
39. Qe8 {[%clk 00:01:08]} {[%emt 00:00:14]} Nf7 {[%clk 00:00:42]} {[%emt
00:00:28]} 40. Nf6+ {[%clk 00:00:32]} {[%emt 00:01:06]} Rxf6 {[%clk 00:00:59]}
{[%emt 00:00:13]} 41. Bxf6 {[%clk 00:00:55]} {[%emt 00:00:06]} Qxf4+ {[%clk
00:01:01]} {[%emt 00:00:29]} 42. Qe3 {[%clk 00:01:09]} {[%emt 00:00:15]} Qxf6
{[%clk 00:01:30]} {[%emt 00:00:02]} 43. Ke2 {[%clk 00:01:17]} {[%emt 00:00:22]}
Qb2+ {[%clk 00:01:32]} {[%emt 00:00:29]} 44. Qd2 {[%clk 00:01:33]} {[%emt
00:00:13]} Qe5+ {[%clk 00:01:48]} {[%emt 00:00:14]} 45. Qe3 {[%clk 00:02:01]}
{[%emt 00:00:02]} Qb2+ {[%clk 00:01:36]} {[%emt 00:00:41]} 46. Kf1 {[%clk
00:01:34]} {[%emt 00:00:57]} 1/2-1/2

[Event "25th 4NCL Congress"]
[Site "Leamington Spa, United Kingdom"]
[Date "2021.07.11"]
[Round "4.2"]
[White "Sowray, Peter J"]
[Black "Willow, Jonah B"]
[Result "0-1"]
[TimeControl "All moves in 90 minutes + 30 seconds per move"]
[WhiteElo "2195"]
[BlackElo "2386"]

1. d4 {[%clk 01:30:57]} {[%emt 00:00:02]} d5 {[%clk 01:30:52]} {[%emt
00:00:08]} 2. c4 {[%clk 01:31:17]} {[%emt 00:00:10]} dxc4 {[%clk 01:31:16]}
{[%emt 00:00:06]} 3. e3 {[%clk 01:31:26]} {[%emt 00:00:21]} e5 {[%clk
01:31:40]} {[%emt 00:00:06]} 4. Bxc4 {[%clk 01:31:45]} {[%emt 00:00:11]} exd4
{[%clk 01:32:07]} {[%emt 00:00:03]} 5. exd4 {[%clk 01:31:56]} {[%emt 00:00:19]}
Bd6 {[%clk 01:32:32]} {[%emt 00:00:05]} 6. Nf3 {[%clk 01:29:43]} {[%emt
00:02:43]} Nf6 {[%clk 01:31:19]} {[%emt 00:01:40]} 7. O-O {[%clk 01:29:33]}
{[%emt 00:00:42]} O-O {[%clk 01:31:35]} {[%emt 00:00:14]} 8. h3 {[%clk
01:29:34]} {[%emt 00:00:30]} h6 {[%clk 01:31:27]} {[%emt 00:00:38]} 9. Nc3
{[%clk 01:29:49]} {[%emt 00:00:15]} Nc6 {[%clk 01:31:54]} {[%emt 00:00:04]} 10.
Qc2 {[%clk 01:28:58]} {[%emt 00:01:20]} Na5 {[%clk 01:32:09]} {[%emt 00:00:15]}
11. Be2 {[%clk 01:20:20]} {[%emt 00:09:08]} Be6 {[%clk 01:27:04]} {[%emt
00:05:35]} 12. Ne5 {[%clk 01:18:33]} {[%emt 00:02:16]} c5 {[%clk 01:19:44]}
{[%emt 00:07:51]} 13. Be3 {[%clk 01:14:08]} {[%emt 00:04:54]} Nd5 {[%clk
01:11:23]} {[%emt 00:08:52]} 14. Nxd5 {[%clk 01:09:03]} {[%emt 00:05:35]} Bxd5
{[%clk 01:11:41]} {[%emt 00:00:12]} 15. Qf5 {[%clk 01:06:39]} {[%emt 00:02:53]}
Be6 {[%clk 01:00:05]} {[%emt 00:12:07]} 16. Qh5 {[%clk 01:04:40]} {[%emt
00:02:29]} Qf6 {[%clk 00:52:13]} {[%emt 00:08:22]} 17. f4 {[%clk 00:59:32]}
{[%emt 00:05:37]} cxd4 {[%clk 00:31:22]} {[%emt 00:21:22]} 18. Bxd4 {[%clk
00:59:30]} {[%emt 00:00:31]} Qe7 {[%clk 00:31:45]} {[%emt 00:00:07]} 19. Kh1
{[%clk 00:47:55]} {[%emt 00:12:04]} Nc6 {[%clk 00:12:24]} {[%emt 00:19:52]} 20.
Nxc6 {[%clk 00:39:01]} {[%emt 00:09:24]} bxc6 {[%clk 00:12:53]} {[%emt
00:00:01]} 21. f5 {[%clk 00:38:22]} {[%emt 00:01:08]} Bd5 {[%clk 00:13:01]}
{[%emt 00:00:23]} 22. Bxg7 {[%clk 00:35:45]} {[%emt 00:03:07]} Qe4 {[%clk
00:11:17]} {[%emt 00:02:15]} 23. Rf3 {[%clk 00:33:43]} {[%emt 00:02:31]} Qxe2
{[%clk 00:10:41]} {[%emt 00:01:06]} 24. Qxh6 {[%clk 00:22:27]} {[%emt
00:11:45]} f6 {[%clk 00:10:28]} {[%emt 00:00:44]} 25. Bxf8 {[%clk 00:21:30]}
{[%emt 00:01:26]} Bxf8 {[%clk 00:04:48]} {[%emt 00:06:11]} 26. Rg3+ {[%clk
00:19:24]} {[%emt 00:02:35]} Kf7 {[%clk 00:05:17]} {[%emt 00:00:02]} 27. Qh7+
{[%clk 00:19:43]} {[%emt 00:00:11]} Ke8 {[%clk 00:05:45]} {[%emt 00:00:02]} 28.
Qb7 {[%clk 00:19:40]} {[%emt 00:00:33]} Rd8 {[%clk 00:04:51]} {[%emt 00:01:24]}
29. Qxa7 {[%clk 00:18:20]} {[%emt 00:01:50]} Be7 {[%clk 00:02:38]} {[%emt
00:02:44]} 30. Rg1 {[%clk 00:12:56]} {[%emt 00:05:53]} Rd7 {[%clk 00:01:12]}
{[%emt 00:01:57]} 31. Qb8+ {[%clk 00:12:49]} {[%emt 00:00:36]} Rd8 {[%clk
00:01:24]} {[%emt 00:00:18]} 32. Qb6 {[%clk 00:11:52]} {[%emt 00:01:26]} Kf7
{[%clk 00:00:46]} {[%emt 00:01:09]} 33. Re3 {[%clk 00:10:04]} {[%emt 00:02:18]}
Rh8 {[%clk 00:00:40]} {[%emt 00:00:36]} 34. Qa7 {[%clk 00:08:31]} {[%emt
00:02:03]} Be4 {[%clk 00:00:37]} {[%emt 00:00:33]} 35. Kh2 {[%clk 00:07:42]}
{[%emt 00:01:18]} Qf2 {[%clk 00:00:39]} {[%emt 00:00:28]} 36. Qd4 {[%clk
00:06:53]} {[%emt 00:01:19]} Qf4+ {[%clk 00:00:53]} {[%emt 00:00:16]} 37. Rg3
{[%clk 00:06:48]} {[%emt 00:00:34]} Bd6 {[%clk 00:01:12]} {[%emt 00:00:13]} 38.
Qa7+ {[%clk 00:05:31]} {[%emt 00:01:47]} Bc7 {[%clk 00:01:37]} {[%emt
00:00:04]} 39. Qa3 {[%clk 00:05:33]} {[%emt 00:00:28]} Rxh3+ {[%clk 00:01:48]}
{[%emt 00:00:19]} 0-1